Perspectives on family communication

Main Author: Turner
Other Authors: West,
Published: Boston: McGraw-Hill, 2002.
Edition:2nd ed..
Subjects:
LEADER 00613cam a2200193 7i4500
001 0000030208
005 20030412090000.0
020 # 0 |a 0767427181  
090 0 0 |a HQ 734   |b T948 2002 
100 1 # |a Turner  
245 1 0 |a Perspectives on family communication   |c Lynn H. Turner, Richard West. 
250 # # |a 2nd ed.. 
260 # # |a Boston:   |b McGraw-Hill,   |c 2002. 
300 # # |a xxi, 394 p.:   |b ill.;   |c 23 cm.. 
504 0 0 |a Includes bibliographical references (p. 347-378) and index. 
650 0 0 |a Communication in the family  
650 0 0 |a Family  
700 1 1 |a West,   |h Richard L.  
999 |a 1100014528  |b Book  |c Open Shelf  |e KOLEKSI TERBUKA